Pullman ; an experiment in industrial order and community planning, 1880-1930.

Bibliographic Details
Main Author: Buder, Stanley
Format: Book
Language:English
Published: New York : Oxford University Press, 1967.
Series:Urban life in America series.
Subjects:

MARC

Tag First Indicator Second Indicator Subfields
LEADER 00000cam a22000001 4500
001 in00000055574
005 20151214141238.0
008 711007s1967 nyuabc b 00000 eng
010 |a  67025456  
035 |a (OCoLC)01175679 
035 |9 AAH2511AM 
040 |a DLC  |c DLC  |d TXA  |d UtOrBLW 
043 |a n-us-il 
049 |a TXAM  |c [476463] 
050 0 0 |a HD7544.P9  |b B9 
082 0 |a 301.3/62/0977311 
092 |a 301.362  |b B927p 
100 1 |a Buder, Stanley. 
245 1 0 |a Pullman ;  |b an experiment in industrial order and community planning, 1880-1930. 
264 1 |a New York :  |b Oxford University Press,  |c 1967. 
300 |a xii, 263 pages :  |b illustrations, maps, portrait ;  |c 22 cm. 
336 |a text  |b txt  |2 rdacontent 
337 |a unmediated  |b n  |2 rdamedia 
338 |a volume  |b nc  |2 rdacarrier 
490 1 |a The Urban life in America series 
504 |a Bibliographical references included in "Notes" (pages 235-255). 
651 0 |a Pullman (Chicago, Ill.) 
830 0 |a Urban life in America series. 
999 |a MARS 
999 f f |s 2606cc9a-c848-3f6b-a5e2-a0c493232344  |i 81c0a40f-7a29-31cb-88e7-60347ae09239  |t 0 
952 f f |p ric  |a Texas A&M University  |b Rellis Campus  |c Joint Library Facility  |d Remote Storage  |t 0  |e HD7544.P9 B9  |h Library of Congress classification  |i unmediated -- volume  |m A14800641227 
998 f f |a HD7544.P9 B9  |t 0  |l Remote Storage